| 000 | 00487nam a22001817a 4500 | ||
|---|---|---|---|
| 003 | NUST | ||
| 005 | 20220816141231.0 | ||
| 008 | 220816b ||||| |||| 00| 0 eng d | ||
| 020 | _a9781726634977 | ||
| 038 | _aAzhar | ||
| 082 |
_a025.04 _bMCD |
||
| 100 |
_aMCDonald, Jason _997476 |
||
| 245 |
_aSEO workbook: search engine optimization success in seven steps _cJason McDonald |
||
| 250 | _a2021 edition | ||
| 260 |
_aUSA _bJason McDonald _c2021 |
||
| 300 | _a346p | ||
| 942 |
_2ddc _cLC |
||
| 999 |
_c591062 _d591062 |
||